| 000 | 00729cam a2200217 4500 | ||
|---|---|---|---|
| 001 | ABS61845 | ||
| 008 | 000000n2000 000 0 eng u | ||
| 035 | _a(Sirsi) u103902 | ||
| 245 | _aCost model: urban regeneration | ||
| 260 | _c2000 | ||
| 490 |
_aBuilding _v265(8119) 14 January 2000, 58-64(7) |
||
| 520 | _aSpecial feature on the funding, procurement and costs of urban regeneration projects. The key themes of the Urban Taskforce report "Towards an urban renaissance" are highlighted and examples are given. | ||
| 590 | _aABS | ||
| 650 | _aURBAN TASKFORCE | ||
| 650 | _aCOSTS | ||
| 650 | _aPROCUREMENT METHODS | ||
| 650 | _aBROWNFIELD SITES | ||
| 650 | _aURBAN POLICY | ||
| 690 | _aREGENERATION | ||
| 942 | _n0 | ||
| 999 |
_c62366 _d62366 |
||